Score 0/16 Timer 02:30
3 Plays Today
Question Answer Wrong Answers
Malmö Sweden
87.4%
Norway
9.7%
Bergen Norway
81.9%
Sweden
15.4%
Linköping Sweden
80.1%
Norway
16.6%
Västerås Sweden
79.9%
Norway
17.2%
Sandefjord Norway
79.6%
Sweden
17.6%
Stavanger Norway
79.6%
Sweden
17.8%
Växjö Sweden
79.4%
Norway
17.8%
Umeå Sweden
79.2%
Norway
17.8%
Örebro Sweden
78.1%
Norway
18.9%
Kristiansand Norway
75.2%
Sweden
22.3%
Drammen Norway
73%
Sweden
24.1%
Borås Sweden
70.3%
Norway
26.6%
Helsingborg Sweden
69.7%
Norway
27.4%
Sandnes Norway
69.6%
Sweden
27.3%
Fredrikstad Norway
67.2%
Sweden
30%
Ålesund Norway
50.7%
Sweden
46.7%

Today's Daily Dose

You're not logged in!

Compare scores with friends on all Sporcle quizzes.
OR
Log In

Sporcle TV

Today on Sporcle TV


Watch our educational content, quiz creation guides, and fun videos on Sporcle TV.

Show Comments

Extras

Top Quizzes Today


Score Distribution

Paid Content

Your Account Isn't Verified!

In order to create a playlist on Sporcle, you need to verify the email address you used during registration. Go to your Sporcle Settings to finish the process.

Report this User

Report this user for behavior that violates our Community Guidelines.

Details: